Tropical houses : (Record no. 607778)

000 -LEADER
fixed length control field 00582nam a22001937a 4500
003 - CONTROL NUMBER IDENTIFIER
control field OSt
005 - DATE AND TIME OF LATEST TRANSACTION
control field 20240215125522.0
008 - FIXED-LENGTH DATA ELEMENTS--GENERAL INFORMATION
fixed length control field 170515t xxu||||| |||| 00| 0 eng d
020 ## - INTERNATIONAL STANDARD BOOK NUMBER
International Standard Book Number 9783037680957
040 ## - CATALOGING SOURCE
Transcribing agency 0
082 ## - DEWEY DECIMAL CLASSIFICATION NUMBER
Classification number 728.0913
Author Mark GAL
100 1# - MAIN ENTRY--PERSONAL NAME
Personal name Galindo, Michelle
9 (RLIN) 120501
245 10 - TITLE STATEMENT
Title Tropical houses :
Remainder of title living in paradise/
Statement of responsibility, etc. Michelle Galindo.
260 ## - PUBLICATION, DISTRIBUTION, ETC.
Place of publication, distribution, etc. New York;
Name of publisher, distributor, etc. Braun publishing,
Date of publication, distribution, etc. 2012.
300 ## - PHYSICAL DESCRIPTION
Extent 224p.:
Other physical details ill;
Dimensions 34 cm.
651 ## - SUBJECT ADDED ENTRY--GEOGRAPHIC NAME
Geographic name Architecture, Domestic
9 (RLIN) 120462
651 ## - SUBJECT ADDED ENTRY--GEOGRAPHIC NAME
Geographic name Architecture, Tropical
9 (RLIN) 120568
942 ## - ADDED ENTRY ELEMENTS (KOHA)
Source of classification or shelving scheme
Koha item type Book
Institution code [OBSOLETE] SADA
Call number prefix 728.0913 GAL 2012
Holdings
Withdrawn status Lost status Source of classification or shelving scheme Damaged status Not for loan Permanent Location Current Location Date acquired Total Checkouts Full call number Barcode Date last seen Cost, replacement price Price effective from Koha item type
          School of Art Design and Architecture (SADA) School of Art Design and Architecture (SADA) 01/05/2017   728.0913 GAL 2012 SADA0002699 02/15/2024 1923.95 02/15/2024 Book
© 2023 Central Library, National University of Sciences and Technology. All Rights Reserved.